| 000 | 00469nab a2200145Ia 4500 | ||
|---|---|---|---|
| 003 | ES-SlBCS | ||
| 005 | 20210601124324.0 | ||
| 008 | 140529s1993 xxu||||| |||| 00| 0 eng d | ||
| 041 | _aeng | ||
| 100 | 1 |
_aRoman, Leslie G. _9139724 |
|
| 245 | 0 | 0 |
_aDouble Exposure: The Politics of Feminist Materialist Ethnography _c Leslie G. Roman |
| 650 | 0 | 4 |
_aEtnografía Feminista _9139725 |
| 773 | 0 |
_tEducational Theory _gvol. 43, nº. 3, 1993, págs. 279-308 _wRev1399 |
|
| 942 | _cAR | ||
| 999 |
_c512931 _d512931 |
||